000 00619nam a2200181 i 4500
001 83053
003 ES-MaACL
005 20230906174754.0
007 t|
008 041115s1970 sp ||||1| spa d
110 2 _aInstituto Nacional de la Vivienda (España)
_95174
245 1 0 _aMemoria de actividades
_b: 1968 /
_cInstituto Nacional de la Vivienda.
260 _a[S.l. :
_bs.n.,
_c1970]
300 _a37 p. :
_bil. ;
_c23 cm.
500 _aVa anejo 1 v. sobre "Disposiciones legales año 1968"
610 2 4 _aInstituto Nacional de la Vivienda (España)-
_vMemorias.
_9170427
852 _aES-MaACL
_jC-44493
_bR.75036
999 _c83053
_d83053